000 00693nam a2200205Ia 4500
003 GCL
008 140319s9999 xx 000 0 ara d
040 _aGCL /
_cGCL
082 0 4 _a323.5
_bع م
100 1 _aعبلة الدجانى
245 1 0 _aالمرأة الفلسطينية والطفل الفلسطينى فى مواجهة العزوة الصهيوينة /
_cعبلة الدجانى
260 _a[S.N] :
_bدار المستقبل العربى ،
_c1992
300 _a180 ص
490 _a
650 0 4 _aفلسطين
650 0 4 _aالاحتلال الصهيونى
650 0 4 _aالمرأة فى السياسة
650 0 4 _aالمرأة فى فلسطين
942 _2ddc
_cBK
999 _c30698
_d30698